Glasgow City Centre Bars and Pubs - Statistics

General Stats
  • This quiz has been taken 106 times
    51 since last reset
  • The average score is 26 of 174
Answer Stats
% Correct
Counting House
64%
Crystal Palace
61%
Molly Malone's
48%
Hengler's Circus
45%
Society Room
42%
Kitty O'Shea's
39%
Nice n Sleazy
36%
Sir John Moore
36%
Social
36%
Driftwood
33%
Firewater
33%
O'Neill's
33%
Pot Still
33%
Wunderbar
33%
Ark
30%
Campus
30%
Drum and Monkey
30%
Hootenanny
30%
King Tut's
30%
Malo
30%
Malone's
30%
Walkabout
30%
Waxy O'Connor's
30%
Alchemist
27%
All Bar One
27%
Grant Arms
27%
Griffin
27%
Merchant
27%
Revolution
27%
Ross's
27%
Toby Jug
27%
Blue Dog
24%
Box
24%
Bunker
24%
Horseshoe Bar
24%
Katie's
24%
Lauder's
24%
Macsorley's
24%
Piper
24%
Times Square
24%
Bier Halle
21%
Bloc
21%
Brewdog
21%
Gin 71
21%
Maggie Mays
21%
Maltman
21%
October
21%
Rufus T Firefly
21%
Waterloo
21%
Babbity Bowster
18%
Bacchus
18%
Delmonica's
18%
Dow's
18%
Grace's
18%
Hall
18%
Nico's
18%
Scotia
18%
Slouch
18%
Smoking Fox
18%
Station Bar
18%
Tingle
18%
Black Bull
15%
Blane Valley
15%
Cairn's
15%
Clutha
15%
Denholm's
15%
Kong
15%
Missoula
15%
Moskito
15%
Raven
15%
Renfield Bar
15%
Revolucion de Cuba
15%
Rhoderick Dhu
15%
Riding Room
15%
Tabac
15%
Absent Ear
12%
Amsterdam
12%
Auctioneers
12%
Broadcast
12%
Butterfly and Pig
12%
Connolly's
12%
Drouthy's
12%
Hide and Seek
12%
Howlin Wolf
12%
Innis and Gunn
12%
Jackson's
12%
McChuill's
12%
Metropolitan
12%
Oswald's
12%
Spiritualist
12%
Strathduie
12%
Underground
12%
Alfie's
9%
Alpen Lodge
9%
Baby Grand
9%
Bavaria Brauhaus
9%
Bay Horse
9%
Blackfriars
9%
Brunswick Cellars
9%
Cosmopol
9%
Cul Cuil
9%
Devil of Brooklyn
9%
Flying Duck
9%
Haus
9%
Hummingbird
9%
Merchant Pride
9%
Press Bar
9%
Sloans
9%
Solid Rock Cafe
9%
State Bar
9%
Stereo
9%
St. Judes
9%
Tolbooth
9%
Admiral Woods
6%
Bar 91
6%
Brown's
6%
Corinthian
6%
Daddy Marmalades
6%
Drury Street
6%
Hope and Vincent
6%
Kilts and Cocktails
6%
Macconnell's
6%
Mango
6%
Max's
6%
Murphy's
6%
Platform
6%
Rab Ha's
6%
Speakeasy
6%
Steps
6%
Tap Yard
6%
Tiki Bar
6%
Variety
6%
Vroni's
6%
142B Lounge
3%
26 Hope Street
3%
Arta
3%
Atholl Arms
3%
Bath Street Palamino
3%
Beer Below
3%
Beer Cafe
3%
Beer House
3%
Bizarron
3%
Bonjour
3%
Boteco do Brazil
3%
Committee Room No. 9
3%
Cova
3%
Don McNamara's
3%
Dukes Umbrella
3%
Gallery
3%
Howgait
3%
Imperial
3%
Intermezzo
3%
Lab
3%
Mono
3%
No. 16
3%
Old Hairdressers
3%
Old Ship bank
3%
Paloma Lounge
3%
Park Lane
3%
Pavement
3%
Set
3%
Shilling Brewing Company
3%
Soulsa
3%
Sportsterz
3%
Westering Winds
3%
1802 @ Hutcheson Hall
0%
Apostel
0%
August House
0%
Avant Garde
0%
Gallagher's
0%
Home
0%
No matching quizzes found
Score Distribution
Percent of People with Each Score
Percentile by Number Answered
Your Score History
You have not taken this quiz since the last reset